Learning Resource and Development

Elementary linear algebra (Record no. 11700)

MARC details
000 -LEADER
fixed length control field 01354nam a22003017a 4500
005 - DATE AND TIME OF LATEST TRANSACTION
control field 20230512223719.0
008 - FIXED-LENGTH DATA ELEMENTS--GENERAL INFORMATION
fixed length control field 220119t xxu||||| |||| 00| 0 eng d
020 ## - INTERNATIONAL STANDARD BOOK NUMBER
International Standard Book Number 9781119666257
040 ## - CATALOGING SOURCE
Transcribing agency CSPC
082 0# - DEWEY DECIMAL CLASSIFICATION NUMBER
Classification number 512.5
Item number An88e
100 ## - MAIN ENTRY--PERSONAL NAME
Personal name Anton, Howard
Relator term author.
245 00 - TITLE STATEMENT
Title Elementary linear algebra
Remainder of title applications version
Statement of responsibility, etc. Howard Anton
250 ## - EDITION STATEMENT
Edition statement 12th
Remainder of edition statement Edition
260 ## - PUBLICATION, DISTRIBUTION, ETC.
Place of publication, distribution, etc. Masachussetts :
Name of publisher, distributor, etc. John Wiley & Sons, Inc. ;
Date of publication, distribution, etc. 2019.
300 ## - PHYSICAL DESCRIPTION
Extent xxii, various pages :
Other physical details illustrations ;
Dimensions 29 cm.
336 ## - CONTENT TYPE
Source rdacontent
Content type term text
337 ## - MEDIA TYPE
Source rdamedia
Media type term unmediated
338 ## - CARRIER TYPE
Source rdacarrier
Carrier type term volume
500 ## - GENERAL NOTE
General note Includes index.
520 ## - SUMMARY, ETC.
Summary, etc. Elementary Linear Algebra 12th edition gives an elementary treatment of linear algebra that is suitable for a first course for undergraduate students. The aim is to present the fundamentals of linear algebra in the clearest possible way; pedagogy is the main consideration. Calculus is not a prerequisite, but there are clearly labeled exercises and examples (which can be omitted without loss of continuity) for students who have studied calculus.
650 10 - SUBJECT ADDED ENTRY--TOPICAL TERM
Topical term or geographic name entry element Algebra, Linear.
700 1# - ADDED ENTRY--PERSONAL NAME
Personal name Rorres, Chris
Relator term author.
700 1# - ADDED ENTRY--PERSONAL NAME
Personal name Kaul, Anton
Relator term author.
940 ## - EQUIVALENCE OR CROSS-REFERENCE--UNIFORM TITLE [OBSOLETE] [CAN/MARC only]
Uniform title <a href="Lenie">Lenie</a>
942 ## - ADDED ENTRY ELEMENTS (KOHA)
Koha item type
-- CIR 512.5 An88e 2019
Holdings
Withdrawn status Lost status Damaged status Not for loan Home library Current library Shelving location Date acquired Total Checkouts Total Renewals Full call number Barcode Date last seen Date last checked out Copy number Price effective from Koha item type
        Main Library Main Library Circulation Section 05/12/2023 3 1 CIR 512.5 An88e 2019 023012 11/28/2023 10/16/2023 1-1 05/12/2023 Books